Zprávy kroměřížské Ymky

Korporativní autor: Křesťanské sdružení mladých lidí (YMCA)
Jazyk: Čeština
Vydáno: V Kroměříži : YMCA, 1937-1940
Fyzický popis: ^^^sv.
Odebírané ročníky: 1937-38
Odebírané svazky: 1-2
Noviny a časopisy
Uloženo v:
LEADER 00760nas a22002172a 4500
001 000785941
003 CZ BrMZK
005 20091103183718.0
007 ta
008 050816d19371940xr qr|p||||||||||||0cze d
040 |a BOA001  |b cze 
245 0 0 |a Zprávy kroměřížské Ymky 
260 |a V Kroměříži :  |b YMCA,  |c 1937-1940 
300 |a ^^^sv. 
310 |a 4x ročně 
710 2 |a Křesťanské sdružení mladých lidí (YMCA)  |7 ko2004219523 
910 |a BOA001  |b 2-0149.126  |r 1937-38  |s 1-2 
990 |a SE 
991 |b 200508 
996 6 |b 2619411264  |c 2-0149.126  |d 1937 1  |v 1  |y 1937  |l MZK  |r Sklad / do 24 hodin  |n 1  |w 000785941  |u 000010  |a 1  |e BOA001  |j MZK50  |s P 
996 6 |b 2619411265  |c 2-0149.126  |d 1938 2  |v 2  |y 1938  |l MZK  |r Sklad / do 24 hodin  |n 1  |w 000785941  |u 000020  |a 1  |e BOA001  |j MZK50  |s P